01334nam a2200253Ia 4500010002700000020002600027035001300053035001700066035001300083037001700096037001300113082001200126100002500138245009600163260003100259270007000290300002100360500001900381505056000400650002400960650002200984650004201006650003201048 aBAC-EN21 ENG-111698 a9789332536593c425.00 aEN-95230 aB-591154-171 aB-668123 bTechnizadpl bDBAD/PUB a658.401 aBarringer, Bruce R. aPreparing effective business plans :b an entrepreneurial approach /cby Bruce R. Barringer c2015aNoidabPearson India a7th Floor, Knowledge Bopulevard, A-8(A), Sector-62bNoidae201309 c22cm(pbk)a264p. aIncludes index aStarting the process -- Why plan? -- What to do before the business plan is written -- Developing and screening business ideas -- Feasibility analysis -- Preparing a business plan -- Introductory material, executive summary, and description of the business -- Industry analysis -- Market analysis -- Marketing plan -- Management team and company structure -- Operations plan and product (or service) design and development plan -- Financial projections -- Presenting the business plan -- Presenting the plan with confidence -- Name index -- Subject index. a Business planning. aEntrepreneurship. a New business enterprises xPlanning. aSmall businessxPlanning.